Normal view
MARC view
Entry Personal Name
001 - CONTROL NUMBER
- control field: 513818
003 - CONTROL NUMBER IDENTIFIER
- control field: OSt
005 - DATE AND TIME OF LATEST TRANSACTION
- control field: 20220928145644.0
008 - FIXED-LENGTH DATA ELEMENTS
- fixed length control field: 220928|| aca||aabn | a|a d
040 ## - CATALOGING SOURCE
- Original cataloging agency: OSt
- Transcribing agency: OSt
100 ## - HEADING--PERSONAL NAME
- Personal name: Coffey Kenneth J
670 ## - SOURCE DATA FOUND
- Source citation: Work cat.: (OSt)834480: Coffey Kenneth J, Manpower for military mobilization, 1978
